МИР (Запис номер 345042)
[ съкратено ]
| 000 -Лидер | |
|---|---|
| Контролно поле с фиксирана дължина | 01340nas a2200385 a 4500 |
| 003 - Код на организацията, давaща контролен номер | |
| Контролно поле | BLK |
| 005 - Дата и час на последна редакция | |
| Контролно поле | 20230715005252.0 |
| 008 - Елементи от данни с фиксирана дължина | |
| fixed length control field | 190915d |||n| |||| 00| c0bul d |
| 010 ## - Наследен системен номер | |
| LC control number | 000081 |
| 040 ## - Източник на каталожния запис | |
| Идентификатор на билиотеката - собственик на записа | BLK |
| 041 ## - Код за език | |
| Код за езика на текст/звукозапис или на отделно заглавие | Български |
| Код за езика КДБФ | Български |
| 080 ## - УДК | |
| УДК - код + определител | 329(497.2)(05) |
| 245 10 - Сведения за заглавието | |
| Заглавие | МИР |
| 246 ## - Различни форми на заглавието | |
| Паралелно заглавие | Орган на Народната партия |
| 260 ## - Област на издателските данни | |
| Място на издаване, разпространение и проч. | София |
| Година на издаване | 1894 |
| 490 ## - СЕРИИ (Колекции) | |
| Име на серия | Частна колекция - Академик Михаил Арнаудов |
| Бележки за серията | Дарение - Основен фонд |
| 500 ## - Общи забележки | |
| Забележка | Михаил Арнаудов: негови-книга, негови-изрезка. - Подчертавания в текста : заглавия. |
| 600 14 - Име на лице, използвано като предмет | |
| 9 (RLIN) | 58870 |
| За него / За нея | Даскалов, Райко |
| 600 #0 - Име на лице, използвано като предмет | |
| За него / За нея | Пушкин, Александър Сергеевич |
| Свързани дати | 1799-1837 |
| 9 (RLIN) | 364559 |
| 600 #0 - Име на лице, използвано като предмет | |
| 9 (RLIN) | 262466 |
| За него / За нея | Тургенев, Иван Сергеевич |
| 650 ## - Допълнително описание по предмет – тема | |
| Основно описание – тема или топоним | Литературознание |
| 9 (RLIN) | 160629 |
| 650 ## - Допълнително описание по предмет – тема | |
| Основно описание – тема или топоним | Политика |
| 9 (RLIN) | 166818 |
| 650 #4 - Допълнително описание по предмет – тема | |
| Основно описание – тема или топоним | български печат |
| 9 (RLIN) | 400595 |
| 653 #7 - Ключова дума – ненормативна | |
| 9 (RLIN) | 197836 |
| Ключова дума | Съединението 1885 |
| 852 ## - Местоположение | |
| Форматна сигнатура | МА 4652 |
| 999 ## - СИСТЕМНИ КОНТРОЛНИ НОМЕРА | |
| Koha biblionumber | 345042 |
| Koha biblioitemnumber | 345042 |
| 942 ## - АРТИКУЛИ | |
| Вид на библиотечния материал | Вестници |
| Скрит в OPAC | Не |
| Периодичен библиозапис | Да |
| 999 ## - СИСТЕМНИ КОНТРОЛНИ НОМЕРА | |
| Koha biblioitemnumber | 345042 |
| 999 ## - СИСТЕМНИ КОНТРОЛНИ НОМЕРА | |
| Koha biblioitemnumber | 345042 |
| 999 ## - СИСТЕМНИ КОНТРОЛНИ НОМЕРА | |
| Koha biblioitemnumber | 345042 |
| 999 ## - СИСТЕМНИ КОНТРОЛНИ НОМЕРА | |
| Koha biblioitemnumber | 345042 |
| 999 ## - СИСТЕМНИ КОНТРОЛНИ НОМЕРА | |
| Koha biblioitemnumber | 345042 |
| 999 ## - СИСТЕМНИ КОНТРОЛНИ НОМЕРА | |
| Koha biblioitemnumber | 345042 |
| 999 ## - СИСТЕМНИ КОНТРОЛНИ НОМЕРА | |
| Koha biblioitemnumber | 345042 |
| 944 ## - СЪЗДАВАНЕ И РЕДАКЦИЯ на ЗАПИСА | |
| Служител, извършил регистрацията/редакцията | |
| Статус, дата на статуса | CRON CRON |
| Код за отписване | Код за изгубен артикул | Източник на класификационната схема | Код за повреда | Коз за рестрикции | Код за отдаване | Артикулен № | Име на библиотеката - собственик | Име на библиотеката, в която се намира в момента | Статус (Текущо местоположение) | Местоположение - отдел | Цена в лева | Номерация (Хронология) | Инвентарен номер | Систематично азбучна сигнатура | Баркод | Цена в евро | Служебен тип на артикула | Дата на вписване в системата |
|---|---|---|---|---|---|---|---|---|---|---|---|---|---|---|---|---|---|---|
| Не е изгубен | Universal Decimal Classification | Не е повреден | само за читалня | Специални фондове ( старопечатни, редки и ценни, фонд М. Арнаудов) | 745698 | Регионална библиотека "Любен Каравелов" Русе | Регионална библиотека "Любен Каравелов" Русе | Фонд "Михаил Арнаудов" | Фонд "Михаил Арнаудов" | 1.00 | 1935, бр. 10432 | 592858 | МА 4652 | 130000592858 | 0.51 | Вестници | ||
| Не е изгубен | Universal Decimal Classification | Не е повреден | само за читалня | Специални фондове ( старопечатни, редки и ценни, фонд М. Арнаудов) | 745699 | Регионална библиотека "Любен Каравелов" Русе | Регионална библиотека "Любен Каравелов" Русе | Фонд "Михаил Арнаудов" | Фонд "Михаил Арнаудов" | 1.00 | 1935, бр. 10512 | 592833 | МА 4652 | 130000592833 | 0.51 | Вестници | ||
| Не е изгубен | Universal Decimal Classification | Не е повреден | само за читалня | Специални фондове ( старопечатни, редки и ценни, фонд М. Арнаудов) | 747416 | Регионална библиотека "Любен Каравелов" Русе | Регионална библиотека "Любен Каравелов" Русе | Фонд "Михаил Арнаудов" | Фонд "Михаил Арнаудов" | 1.00 | бр. 9592 | 703880 | МА 4652 | 130000703880 | 0.51 | Вестници | 2019-10-16 |